00832nam a2200205 i 450000100060000000300090000600500170001500700030003200800410003510000290007624501600010526000680026530000380033365000320037165000350040370000270043885200220046599900170048795201220050426238ES-MaACL20250901090023.0t|030108s1940 sp ||||1| spa d1 aAssmann, Herbert.92365810aDiagnóstico röntgenológico de las enfermedades internas / cpor Herbert Assmann ... ; traducción de la quinta edición alemana por A. Bages Carey. aBarcelona : bLabor, c1940 (fTalls. Gráfs. Iberoamericanos) a2 v., 1 lám. : bil. ; c27 cm. 7aRadiología2embne914031607aMedicina interna2embne9149251 aBages Carey, A.924632 aES-MaACLjE-82-83 c26238d26238 00104070aATENEOMbATENEOMcDEPO2d2008-01-17eSCl0oE-82-83p1027078r2023-02-23 00:00:00w2023-02-23yMONOGRAFIA